| 000 | 00521nam a22001937a 4500 | ||
|---|---|---|---|
| 003 | OSt | ||
| 005 | 20160209123945.0 | ||
| 008 | 160209b xxu||||| |||| 00| 0 eng d | ||
| 020 | _a0750643935 | ||
| 040 | _cDDC | ||
| 082 | _a658 DRU1990. | ||
| 100 |
_aDrucker F.Peter; _96740 |
||
| 245 | _aThe Practice of Management. | ||
| 260 |
_aBoston. _bElsevier Butterworth Heineman. _c1990. |
||
| 300 |
_aiii,399p; _bill; _c25cm. |
||
| 504 | _aincludes index and Bibliography. | ||
| 650 |
_aManagement. _9364 |
||
| 942 |
_2ddc _cSLOAN |
||
| 999 |
_c2997 _d2997 |
||